|
|
|
|
| LEADER |
01051nam a2200289 a 4500 |
| 001 |
7741 |
| 003 |
BD-DhAAL |
| 005 |
20150713113637.0 |
| 008 |
150713s2004 nyu 000 1 eng |
| 010 |
|
|
|a 2004044351
|
| 020 |
|
|
|a 0743484169
|
| 020 |
|
|
|a 039915180X (alk. paper)
|
| 040 |
|
|
|a DLC
|c DLC
|d DLC
|d BD-DhAAL
|
| 050 |
0 |
0 |
|a PS3569.A516
|b H54 2004
|
| 082 |
0 |
0 |
|a 813/.54
|2 22
|
| 100 |
1 |
|
|a Sandford, John,
|d 1944 February 23-
|9 12784
|
| 245 |
1 |
0 |
|a Hidden prey /
|c John Sandford.
|
| 260 |
|
|
|a New York :
|a London :
|b Putnam,
|b Pocket Books,
|c c2004.
|
| 300 |
|
|
|a 393 p. ;
|c 18 cm.
|
| 541 |
|
|
|e 7741
|
| 650 |
|
0 |
|a Davenport, Lucas (Fictitious character)
|v Fiction.
|9 12785
|
| 650 |
|
0 |
|a Private investigators
|z Minnesota
|z Minneapolis
|v Fiction.
|9 12786
|
| 651 |
|
0 |
|a Minneapolis (Minn.)
|v Fiction.
|9 12787
|
| 655 |
|
7 |
|a Mystery fiction.
|2 gsafd
|9 6244
|
| 942 |
|
|
|2 ddc
|c BK
|
| 999 |
|
|
|c 35065
|d 35065
|
| 952 |
|
|
|0 0
|1 0
|2 ddc
|4 0
|6 813_540000000000000_SAN
|7 0
|9 54950
|a SCL
|b SCL
|c GEN
|d 2015-07-13
|e Gift
|l 9
|m 47
|o 813.54 SAN
|p 3020007741
|r 2026-04-23
|s 2026-01-31
|t 1
|w 2015-07-13
|y BK
|